The 2 Closest Neighbours of Island Dependencies (North Atlantic & Arctic Ocean) - Statistics

General Stats
  • This quiz has been taken 105 times
  • The average score is 21 of 26
Answer Stats
Hint Answer % Correct
Greenland (Denmark) Canada
100%
Greenland (Denmark) Iceland
99%
Bermuda (UK) United States
95%
Isle of Man (UK) United Kingdom
88%
Isle of Man (UK) Ireland
87%
Faroe Islands (Denmark) United Kingdom
87%
Saint Pierre and Miquelon (France) United States
87%
Jersey (UK) France
86%
Saint Pierre and Miquelon (France) Canada
85%
Bermuda (UK) Canada
85%
Guernsey (UK) France
85%
Guernsey (UK) United Kingdom
83%
Jersey (UK) United Kingdom
83%
Åland (Finland) Finland
81%
Faroe Islands (Denmark) Iceland
81%
Jan Mayen (Norway) Norway
81%
Azores (Portugal) Spain
81%
Jan Mayen (Norway) Iceland
79%
Svalbard (Norway) Norway
79%
Svalbard (Norway) Russia
79%
Madeira (Portugal) Spain
79%
Åland (Finland) Sweden
79%
Azores (Portugal) Portugal
76%
Madeira (Portugal) Morocco
74%
Turks and Caicos Islands (UK) The Bahamas
65%
Turks and Caicos Islands (UK) Dominican Republic
55%
No matching quizzes found
Score Distribution
Percent of People with Each Score
Percentile by Number Answered
Your Score History
You have not taken this quiz